000 00638nam a2200265Ia 4500
005 20260121165752.0
008 008 260114s9999 xx 000 0 eng d
020 _a9783658143404
037 _aEBOOK
040 _aCRL
040 _beng
040 _cCRL
041 _2eng
041 _aeng
084 _qCRL
100 _aXiaofei Hao
_91055805
245 0 _aMotion Pictures and the Image of the City
260 _bSpringer
260 _bSpringer
260 _c2016
856 _uhttps://link.springer.com/openurl?genre=book&isbn=978-3-658-14340-4
942 _cEBOOK
999 _c1621533
_d1621533